Republic of Tajikistan : 2013 Article IV Consultation-Press Release and Staff Report.

Tajikistan successfully completed a 3-year ECF-supported program in May 2012 and needs to continue with ambitious reforms. While growth is robust, it is non-inclusive, leading to large-scale outmigration that makes Tajikistan the most remittance-dependent country in the world. The country remains th...

Ful tanımlama

Detaylı Bibliyografya
Müşterek Yazar: International Monetary Fund. Middle East and Central Asia Dept
Materyal Türü: Dergi
Dil:English
Baskı/Yayın Bilgisi: Washington, D.C. : International Monetary Fund, 2021.
Seri Bilgileri:IMF Staff Country Reports; Country Report ; No. 2021/195
Konular:
Online Erişim:Full text available on IMF
LEADER 02101cas a2200301 a 4500
001 AALejournalIMF021944
008 230101c9999 xx r poo 0 0eng d
020 |c 5.00 USD 
020 |z 9781513595566 
022 |a 1934-7685 
040 |a BD-DhAAL  |c BD-DhAAL 
110 2 |a International Monetary Fund.  |b Middle East and Central Asia Dept. 
245 1 0 |a Republic of Tajikistan :   |b 2013 Article IV Consultation-Press Release and Staff Report. 
264 1 |a Washington, D.C. :  |b International Monetary Fund,  |c 2021. 
300 |a 1 online resource (67 pages) 
490 1 |a IMF Staff Country Reports 
500 |a <strong>Off-Campus Access:</strong> No User ID or Password Required 
500 |a <strong>On-Campus Access:</strong> No User ID or Password Required 
506 |a Electronic access restricted to authorized BRAC University faculty, staff and students 
520 3 |a Tajikistan successfully completed a 3-year ECF-supported program in May 2012 and needs to continue with ambitious reforms. While growth is robust, it is non-inclusive, leading to large-scale outmigration that makes Tajikistan the most remittance-dependent country in the world. The country remains the poorest of the eight in the Caucasus and Central Asia (CCA) and stands next to last among the seven with rankings in the ease of doing business. Reliance on commodity imports, a narrow export base, and low buffers leave the economy vulnerable. Weak macroeconomic policy frameworks restrict the authorities' ability to dampen shocks. State-directed lending and investment displace market-financed activity and create fiscal risks. Presidential elections are scheduled for November. 
538 |a Mode of access: Internet 
650 7 |a International Agreements  |2 imf 
650 7 |a International Organizations  |2 imf 
650 7 |a Monetary Policy  |2 imf 
650 7 |a Observance  |2 imf 
651 7 |a Tajikistan, Republic of  |2 imf 
830 0 |a IMF Staff Country Reports; Country Report ;  |v No. 2021/195 
856 4 0 |z Full text available on IMF  |u http://elibrary.imf.org/view/journals/002/2021/195/002.2021.issue-195-en.xml  |z IMF e-Library